El contrato y el tratado (Record no. 155652)

MARC details
000 -LEADER
fixed length control field 00676nam a22002057a 4500
005 - DATE AND TIME OF LATEST TRANSACTION
control field 20210430102607.0
008 - FIXED-LENGTH DATA ELEMENTS--GENERAL INFORMATION
fixed length control field 210430b mx ||||| |||| 00| 0 spa d
020 ## - INTERNATIONAL STANDARD BOOK NUMBER
International Standard Book Number 9786079352813
050 04 - LIBRARY OF CONGRESS CALL NUMBER
Classification number K840
Item number K45 2019
100 1# - MAIN ENTRY--PERSONAL NAME
Personal name Kelsen, Hans,
Dates associated with a name 1881-1973.
245 13 - TITLE STATEMENT
Title El contrato y el tratado
Remainder of title : analizados desde el punto de vista de la teoría pura del derecho
Statement of responsibility, etc / Hans Kelsen.
250 ## - EDITION STATEMENT
Edition statement 2a ed.
260 ## - PUBLICATION, DISTRIBUTION, ETC. (IMPRINT)
Place of publication, distribution, etc México :
Name of publisher, distributor, etc Ediciones Coyoacán,
Date of publication, distribution, etc 2019.
300 ## - PHYSICAL DESCRIPTION
Extent 124 p. ;
Dimensions 21 cm.
490 0# - SERIES STATEMENT
Series statement Derecho y Sociedad ;
Volume number/sequential designation 13.
500 ## - GENERAL NOTE
General note Incluye índice.
650 #7 - SUBJECT ADDED ENTRY--TOPICAL TERM
Source of heading or term lemb
Topical term or geographic name as entry element Contratos
General subdivision Derecho civil
650 #7 - SUBJECT ADDED ENTRY--TOPICAL TERM
Source of heading or term lemb
Topical term or geographic name as entry element Tratados
General subdivision Derecho civil
942 ## - ADDED ENTRY ELEMENTS (KOHA)
Source of classification or shelving scheme Biblioteca del Cogreso de los Estados Unidos
Koha item type Libro
Holdings
Estado de pérdida Fuente de clasificación Estado del daño No para préstamo Ubicación permanente Ubicación actual Apartado o colección Fecha de adquisición Fuente de adquisición Edición Área del conocimiento Total Checkouts Clasificación Código de Barras Date last seen Número de copia Costo por reposición Tipo de recurso
  Biblioteca del Cogreso de los Estados Unidos     Biblioteca del Instituto de Investigaciones Económicas y Empresariales Biblioteca del Instituto de Investigaciones Económicas y Empresariales General 30/04/2021 Unidad Académica 2a ed. Ciencias Sociales y Administrativas   K840 K45 2019 IIE000006680 30/04/2021 1 105.00 Libro